LEADER 03545 am 2200457 n 450 001 9910416514003321 005 20190709 010 $a2-84867-699-X 024 7 $a10.4000/books.pufc.2253 035 $a(CKB)4100000010013957 035 $a(FrMaCLE)OB-pufc-2253 035 $a(oapen)https://directory.doabooks.org/handle/20.500.12854/44121 035 $a(PPN)241685761 035 $a(EXLCZ)994100000010013957 100 $a20191219j|||||||| ||| 0 101 0 $afre 135 $auu||||||m|||| 181 $ctxt$2rdacontent 182 $cc$2rdamedia 183 $acr$2rdacarrier 200 13$aLa correspondance de Proust $eSon statut dans l??uvre. L?histoire de son édition /$fLuc Fraisse 210 $aBesançon $cPresses universitaires de Franche-Comté$d2019 215 $a1 online resource (212 p.) 311 $a2-251-60649-1 330 $aL?étude des correspondances d?écrivains s?est considérablement développée ces dernières années. L?un des sujets qui intéressent particulièrement nos contemporains est de savoir quel rôle exact joue l?écriture d?une correspondance dans la formation littéraire d?un écrivain et dans la lente élaboration de son ?uvre. Le présent livre tente de proposer le plus grand nombre de réponses à cette question, s?agissant du cas de Marcel Proust. Il s?appuie notamment sur l?art poétique épistolaire que l?auteur de la Recherche a déposé, au jour le jour et sans y songer, dans des lettres écrites sur une période de quarante années, et dont les deux tiers sont contemporaines de l?élaboration de son cycle romanesque. L?écriture épistolaire, la réception et l?envoi de lettres, la matérialité même des correspondances, suscitent, à tout instant quoique incidemment sous sa plume, de riches réflexions qui nuancent toujours davantage le rôle joué par la constitution de ce monument totalement improvisé, en regard du monument minutieusement construit de la Recherche. Pourquoi le visage et le style de Proust épistolier sont-ils si différents de ceux, mieux connus de nous, de Proust romancier ? Et comment une correspondance, écrite sans lui prêter aucune valeur littéraire, a-t-elle pu malgré tout former le laboratoire de l?uvre en chantier ? C?est à ces deux questions déconcertantes que l?enquête ici menée tente principalement d?apporter des éléments de réponse. Proust aurait-il autorisé la publication de toutes ces lettres ? Là aussi, l?examen de la correspondance permet de proposer une réponse précise, justifiant pleinement l?immense entreprise de l?Américain Philip Kolb, qui en soixante années de travail ininterrompu, a publié plus de cinq mille lettres de l?écrivain, occupant vingt et un volumes et couvrant plus de dix mille pages. Le dernier chapitre s?appuie sur un témoignage totalement inédit, le seul dont on puisse disposer, dans lequel l?éditeur des lettres retrace l?aventure de? 606 $aNovelists, French$y20th century$xCorrespondence$xHistory and criticism 610 $aécriture 610 $acorrespondance 610 $a?uvre 610 $aart épistolaire 610 $acycle romanesque 610 $aformation littéraire 615 0$aNovelists, French$xCorrespondence$xHistory and criticism. 676 $a843/.912 676 $aB 700 $aFraisse$b Luc$0292925 801 0$bFR-FrMaCLE 906 $aBOOK 912 $a9910416514003321 996 $aLa correspondance de Proust$92868786 997 $aUNINA LEADER 01206nam 2200397 450 001 9910793257803321 005 20230808203938.0 010 $a0-522-86996-3 035 $a(CKB)4100000007276721 035 $a(MiAaPQ)EBC5620256 035 $a(EXLCZ)994100000007276721 100 $a20190131d2016 uy 0 101 0 $aeng 135 $aurcnu|||||||| 181 $ctxt$2rdacontent 182 $cc$2rdamedia 183 $acr$2rdacarrier 200 14$aThe killing season uncut /$fSarah Ferguson with Patricia Drum 210 1$aCarlton, Victoria :$cMelbourne University Press,$d2016. 215 $a1 online resource (224 pages) 311 $a0-522-86995-5 606 $aNonfiction television programs$zAustralia 606 $aGovernment and the press$zAustralia 607 $aAustralia$xPolitics and government$y21st century 615 0$aNonfiction television programs 615 0$aGovernment and the press 676 $a994.07092 700 $aFerguson$b Sarah$0275772 702 $aDrum$b Patricia 801 0$bMiAaPQ 801 1$bMiAaPQ 801 2$bMiAaPQ 906 $aBOOK 912 $a9910793257803321 996 $aThe killing season uncut$93829498 997 $aUNINA